Science Quiz

Random Science Quiz
Score 0/95 Timer 15:00
0 Plays Today
% Correct
Biotite
46.6%
Quartz
45.7%
Albite
44.8%
Plagioclase
41.4%
Quartz
41.4%
Garnet
41.4%
Pleochroism
41.4%
Zoning
40.5%
Albite
39.7%
Microcline
38.8%
Parallel
38.8%
Olivine
37.9%
Microcline
37.9%
Zoning
37.9%
Tartan
37.9%
Tartan
37.9%
Microcline
37.1%
Biotite
36.2%
Olivine
36.2%
Olivine
36.2%
Microcline
36.2%
Chlorite
36.2%
Simple
36.2%
Simple
36.2%
Tartan
36.2%
Tartan
36.2%
Plagioclase
35.3%
Muscovite
35.3%
Pleochroic Halo
35.3%
Parallel
35.3%
Quartz
34.5%
Muscovite
34.5%
% Correct
Garnet
34.5%
Pleochroic Halo
34.5%
Pleochroic Halo
34.5%
Zoning
34.5%
Undulatory
34.5%
Olivine
33.6%
Plagioclase
33.6%
Zoning
33.6%
Albite
33.6%
Hornblende
32.8%
Hornblende
32.8%
Chlorite
32.8%
Hornblende
31.9%
Muscovite
31.9%
Undulatory
31.9%
Pleochroic Halo
31%
Plagioclase
30.2%
Muscovite
30.2%
Simple
30.2%
Simple
30.2%
Polysynthetic
30.2%
Undulatory
30.2%
Glaucophane
29.3%
Biotite
28.4%
Chlorite
28.4%
Albite
28.4%
Inclined
28.4%
Clinopyroxene
27.6%
Clinopyroxene
27.6%
Garnet
27.6%
Pleochroism
27.6%
Polysynthetic
27.6%
% Correct
Polysynthetic
27.6%
Quartz
26.7%
Sillimanite
26.7%
Staurolite
25.9%
Biotite
25%
Staurolite
25%
Pleochroism
25%
Sillimanite
25%
Andalusite
25%
Clinopyroxene
24.1%
Hornblende
24.1%
Garnet
24.1%
Chlorite
24.1%
Kyanite
24.1%
Clinopyroxene
23.3%
Polysynthetic
23.3%
Andalusite
23.3%
Sillimanite
22.4%
Kyanite
22.4%
Staurolite
21.6%
Pleochroism
21.6%
Sillimanite
21.6%
Andalusite
21.6%
Kyanite
20.7%
Kyanite
20.7%
Undulatory
19.8%
Andalusite
19.8%
Staurolite
18.1%
Glaucophane
17.2%
Glaucophane
17.2%
Glaucophane
15.5%
Remove Ads.
Support Sporcle.
Get the best of Sporcle when you Go Orange. This ad-free experience offers more features, more stats, and more fun while also helping to support Sporcle. Thank you for becoming a member.

You're not logged in!

Compare scores with friends on all Sporcle quizzes.
OR
Log In

Show Comments

Extras

Created Dec 17, 2018ReportNominate
Tags:Mineral, Property, section, thin

Top Quizzes Today


Score Distribution

Your Account Isn't Verified!

In order to create a playlist on Sporcle, you need to verify the email address you used during registration. Go to your Sporcle Settings to finish the process.

Report this User

Report this user for behavior that violates our Community Guidelines.

Details: